Tolkien's Middle-Earth Map Quiz Stats

Quiz Updated Nov 24, 2014

Challenge
Share
Tweet
Score 0/26 Timer 08:00
19 Plays Today
% Correct
The Shire
92.7%
Mordor
89.7%
Rohan
81.5%
Gondor
81.1%
Rivendell
76.6%
Minas Tirith
71.4%
Moria
67.9%
Isengard
66.4%
Hobbiton
65.8%
Bree
63.9%
The Hornburg
63.9%
The Lonely Mountain
63.6%
Mirkwood
62.8%
% Correct
Fangorn
59.9%
Minas Morgul
58.9%
Lothlórien
57.6%
Orodruin
57.6%
The Black Gate
52.5%
Osgiliath
52.3%
The Misty Mountains
48.1%
Esgaroth
47.2%
Grey Havens
44%
Barad-dûr
41.4%
Edoras
38.7%
Dead Marshes
36.9%
Eriador
31.3%

You're not logged in!

Compare scores with friends on all Sporcle quizzes.
Sign Up with Email
OR
Log In

You Might Also Like...

Show Comments

Extras

Top Quizzes Today


Score Distribution

Your Account Isn't Verified!

In order to create a playlist on Sporcle, you need to verify the email address you used during registration. Go to your Sporcle Settings to finish the process.